[Event "Chioggia op-A 15th"]
[Site "Chioggia"]
[Date "2022.09.30"]
[Round "1"]
[White "Martinovici, Ilie"]
[Black "Bellemo, Davide"]
[Result "1-0"]
[WhiteElo "2403"]
[BlackElo "2093"]
[PlyCount "63"]
[EventDate "2022.09.30"]
[EventType "swiss"]
[EventRounds "5"]
[EventCountry "ITA"]
[SourceTitle "EXT 2024"]
[Source "ChessBase"]
[SourceDate "2023.10.10"]
[SourceVersion "1"]
[SourceVersionDate "2023.10.10"]
[SourceQuality "1"]

1. d4 d5 2. c4 e6 3. Nc3 Nf6 4. cxd5 exd5 5. Bg5 Be7 6. e3 0-0 7. Bd3 c6 8. Nge2 Nbd7 9. Qc2 Re8 10. 0-0 Nf8 11. Rab1 Be6 12. b4 Rc8 13. Na4 Ne4 14. Bf4 b5 15. Nc5 Nxc5 16. bxc5 Qd7 17. a4 a6 18. Bg3 Bd8 19. axb5 axb5 20. Ra1 Qb7 21. Qa2 Bc7 22. Qa6 Qxa6 23. Rxa6 Bxg3 24. hxg3 Rc7 25. Rfa1 Ng6 26. Bxg6 hxg6 27. Nc1 Kf8 28. Nd3 Ke7 29. f3 f6 30. Nb4 Rec8 31. Rb6 Bf5 32. e4 1-0

[Event "Chioggia op-A 13th"]
[Site "Chioggia"]
[Date "2018.09.30"]
[Round "5"]
[White "Zarpellon, Daniele"]
[Black "Bellemo, Davide"]
[Result "0-1"]
[WhiteElo "1903"]
[BlackElo "2130"]
[PlyCount "88"]
[EventDate "2018.09.28"]
[EventType "swiss"]
[EventRounds "5"]
[EventCountry "ITA"]
[SourceTitle "EXT 2022"]
[Source "ChessBase"]
[SourceDate "2021.10.06"]
[SourceVersion "1"]
[SourceVersionDate "2021.10.06"]
[SourceQuality "1"]

1. Nf3 d5 2. b3 Nf6 3. Bb2 e6 4. e3 Bd6 5. d4 0-0 6. Bd3 Nbd7 7. 0-0 Ne8 8. Nbd2 f5 9. Ne5 Qe7 10. f4 Nef6 11. h3 Ne4 12. Nxe4 fxe4 13. Be2 b6 14. a4 a6 15. Qe1 Bb7 16. Rc1 c5 17. c3 Rac8 18. Kh1 cxd4 19. Nxd7 Qxd7 20. cxd4 Qe7 21. Bg4 g6 22. Rxc8 Rxc8 23. Qb1 h5 24. Be2 Qh4 25. Kh2 Qf6 26. g3 h4 27. Bg4 hxg3+ 28. Kg2 Kf7 29. Bc1 a5 30. Be2 Rh8 31. Bd2 Qe7 32. Be1 Bc8 33. Bxg3 Bb4 34. h4 Bd7 35. Bf2 Kg7 36. Rc1 Bd6 37. Rh1 Qd8 38. Qd1 Be7 39. Qe1 Qc7 40. Bg3 Qc2 41. Qd1 Rc8 42. Be1 Qb2 43. Rf1 Rc1 44. Qd2 Rc2 0-1

[Event "Chioggia op-A 11th"]
[Site "Chioggia"]
[Date "2016.10.08"]
[Round "3"]
[White "Bellemo, Davide"]
[Black "Seresin, Francesco"]
[Result "0-1"]
[WhiteElo "2115"]
[BlackElo "2202"]
[PlyCount "74"]
[EventDate "2016.10.07"]
[EventType "swiss"]
[EventRounds "5"]
[EventCountry "ITA"]
[SourceTitle "EXT 2022"]
[Source "ChessBase"]
[SourceDate "2021.10.06"]
[SourceVersion "1"]
[SourceVersionDate "2021.10.06"]
[SourceQuality "1"]

1. d4 Nf6 2. c4 e6 3. Nc3 d5 4. Bg5 Be7 5. Nf3 c6 6. e3 Nbd7 7. cxd5 exd5 8. Bd3 Ne4 9. Bxe7 Qxe7 10. Qc2 Ndf6 11. 0-0 0-0 12. Ne5 g6 13. Rfe1 Nd6 14. Rab1 Nd7 15. f4 Nb6 16. h3 Bf5 17. Bxf5 Nxf5 18. g4 Nd6 19. g5 Nd7 20. b4 a6 21. Na4 Nxe5 22. dxe5 Nc4 23. Qe2 b5 24. Nc5 a5 25. Nd3 Qe6 26. Kh2 axb4 27. Rxb4 Ra3 28. Rb3 Rfa8 29. Nc1 Qf5 30. Rd1 Qe4 31. Rdd3 R3a5 32. Rd4 Qf5 33. Qd3 Qe6 34. e4 Nxe5 35. fxe5 Qxe5+ 36. Kh1 Rxa2 37. Ne2 Rxe2 0-1

[Event "Chioggia op-A 11th"]
[Site "Chioggia"]
[Date "2016.10.08"]
[Round "2"]
[White "Tomio, Dante"]
[Black "Bellemo, Davide"]
[Result "0-1"]
[WhiteElo "1911"]
[BlackElo "2115"]
[PlyCount "48"]
[EventDate "2016.10.07"]
[EventType "swiss"]
[EventRounds "5"]
[EventCountry "ITA"]
[SourceTitle "EXT 2022"]
[Source "ChessBase"]
[SourceDate "2021.10.06"]
[SourceVersion "1"]
[SourceVersionDate "2021.10.06"]
[SourceQuality "1"]

1. d4 d5 2. Nf3 Nf6 3. e3 e6 4. Bd3 c5 5. b3 Nc6 6. Nbd2 Bd6 7. Bb2 0-0 8. 0-0 Qe7 9. Ne5 cxd4 10. exd4 Ba3 11. Qc1 Bxb2 12. Qxb2 Bd7 13. a3 Nh5 14. Rfe1 f6 15. Nxc6 bxc6 16. g3 Rae8 17. c4 e5 18. cxd5 cxd5 19. f3 Qd6 20. dxe5 fxe5 21. Bf1 e4 22. fxe4 Qb6+ 23. Kh1 Rf2 24. exd5 Nxg3+ 0-1

[Event "Chioggia op-A 10th"]
[Site "Chioggia"]
[Date "2015.10.10"]
[Round "2"]
[White "Bellemo, Davide"]
[Black "Ortega, Lexy"]
[Result "0-1"]
[WhiteElo "2074"]
[BlackElo "2478"]
[PlyCount "46"]
[EventDate "2015.10.09"]
[EventType "swiss"]
[EventRounds "5"]
[EventCountry "ITA"]
[SourceTitle "EXT 2022"]
[Source "ChessBase"]
[SourceDate "2021.10.06"]
[SourceVersion "1"]
[SourceVersionDate "2021.10.06"]
[SourceQuality "1"]

1. d4 d5 2. c4 c6 3. Nf3 Nf6 4. Nc3 e6 5. Bg5 dxc4 6. e4 b5 7. e5 h6 8. Bh4 g5 9. Nxg5 hxg5 10. Bxg5 Nbd7 11. exf6 Bb7 12. Be2 Qb6 13. 0-0 0-0-0 14. Qd2 c5 15. Rad1 Bd6 16. h4 b4 17. Nb1 Bd5 18. a3 Rdg8 19. g3 cxd4 20. Bxc4 Bb7 21. Rc1 Kb8 22. Be2 d3 23. Bxd3 Bxg3 0-1

[Event "Chioggia op-A 09th"]
[Site "Chioggia"]
[Date "2014.10.12"]
[Round "5"]
[White "Cecchetto, Vanni"]
[Black "Bellemo, Davide"]
[Result "0-1"]
[WhiteElo "1876"]
[BlackElo "2077"]
[PlyCount "137"]
[EventDate "2014.10.10"]
[EventType "swiss"]
[EventRounds "5"]
[EventCountry "ITA"]
[SourceTitle "EXT 2022"]
[Source "ChessBase"]
[SourceDate "2021.10.06"]
[SourceVersion "1"]
[SourceVersionDate "2021.10.06"]
[SourceQuality "1"]

1. e4 e5 2. d4 exd4 3. Qxd4 Nc6 4. Qe3 Bb4+ 5. Bd2 Qe7 6. Nc3 Nf6 7. 0-0-0 0-0 8. Nd5 Bxd2+ 9. Rxd2 Nxd5 10. exd5 Qxe3 11. fxe3 Ne5 12. e4 d6 13. Nf3 Re8 14. Nxe5 Rxe5 15. Bd3 Bg4 16. Rf2 Rae8 17. Kd2 R5e7 18. Ke3 Bh5 19. Kd4 Bg6 20. Rf4 Re5 21. b4 c6 22. Rhf1 cxd5 23. exd5 Bxd3 24. Kxd3 Rxd5+ 25. Kc4 Rd2 26. Rxf7 Rxc2+ 27. Kb3 Rxg2 28. Rxb7 d5 29. Rff7 Re3+ 30. Ka4 a6 31. a3 h6 32. Rfd7 d4 33. Rxd4 Ra2 34. Ka5 Raxa3+ 35. Kb6 Re6+ 36. Kc5 Rc3+ 37. Kd5 Rg6 38. h4 h5 39. Rf4 Rg4 40. Rxg4 hxg4 41. Rb6 Ra3 42. Rg6 g3 43. h5 Kf7 44. Kc4 Kf8 45. Kd4 Ra4 46. Kc3 Ra3+ 47. Kb2 Rf3 48. Rxa6 g5 49. Ra1 g2 50. Rg1 Rf2+ 51. Kc3 Kg7 52. b5 Kh6 53. b6 Rf6 54. Rxg2 Rxb6 55. Rh2 Rd6 56. Rh1 Rd7 57. Rh2 Rd6 58. Rh1 Rd5 59. Kc4 Rd6 60. Rh2 g4 61. Rh1 Kg5 62. Kc5 Rh6 63. Kd4 Rxh5 64. Rg1 Kf4 65. Rf1+ Kg3 66. Rf8 Kh2 67. Ke3 g3 68. Kf3 g2 69. Rg8 0-1

[Event "Chioggia op-A 09th"]
[Site "Chioggia"]
[Date "2014.10.12"]
[Round "4"]
[White "Dappiano, Andrea"]
[Black "Bellemo, Davide"]
[Result "1-0"]
[WhiteElo "2211"]
[BlackElo "2077"]
[PlyCount "87"]
[EventDate "2014.10.10"]
[EventType "swiss"]
[EventRounds "5"]
[EventCountry "ITA"]
[SourceTitle "EXT 2022"]
[Source "ChessBase"]
[SourceDate "2021.10.06"]
[SourceVersion "1"]
[SourceVersionDate "2021.10.06"]
[SourceQuality "1"]

1. e4 e5 2. Bc4 Nc6 3. Nc3 Nf6 4. d3 Bc5 5. f4 d6 6. Nf3 Bg4 7. f5 Nd4 8. Bg5 c6 9. Rf1 Nxf3+ 10. gxf3 Bh3 11. Rf2 h6 12. Bh4 g5 13. Bg3 Bxf2+ 14. Bxf2 d5 15. Bb3 Qa5 16. Qd2 d4 17. Ne2 Qxd2+ 18. Kxd2 Nh5 19. Ng1 Nf4 20. Bg3 g4 21. Ke1 h5 22. Kf2 h4 23. Bxf4 exf4 24. Ne2 gxf3 25. Nxf4 Bg2 26. c3 dxc3 27. bxc3 Rh7 28. d4 0-0-0 29. e5 Rg7 30. Re1 c5 31. d5 b5 32. d6 c4 33. Bc2 Rg4 34. Nd5 Bh3 35. Kxf3 Rg2 36. Re2 Rxe2 37. Kxe2 Kd7 38. Be4 Rc8 39. Ke3 Rh8 40. Kd4 Kd8 41. Nf6 a6 42. Kc5 Bf1 43. e6 fxe6 44. fxe6 1-0

[Event "Chioggia op-A 07th"]
[Site "Chioggia"]
[Date "2012.10.13"]
[Round "2"]
[White "Cacco, Christian"]
[Black "Bellemo, Davide"]
[Result "1-0"]
[WhiteElo "2302"]
[BlackElo "2125"]
[PlyCount "157"]
[EventDate "2012.10.12"]
[EventType "swiss"]
[EventRounds "5"]
[EventCountry "ITA"]
[SourceTitle "EXT 2014"]
[Source "ChessBase"]
[SourceDate "2013.11.20"]
[SourceVersion "1"]
[SourceVersionDate "2013.11.20"]
[SourceQuality "1"]

1. d4 d5 2. Nf3 Nf6 3. c4 e6 4. Nc3 c6 5. cxd5 exd5 6. Bg5 Be7 7. e3 0-0 8. Bd3 Nbd7 9. Qc2 Re8 10. 0-0 Nf8 11. Bxf6 Bxf6 12. b4 Bg4 13. Nd2 Rc8 14. Nb3 b6 15. Rac1 b5 16. Nb1 Be7 17. h3 Bh5 18. a3 Bd6 19. Rfe1 Bc7 20. N1d2 Qd6 21. Nf1 Bg6 22. f4 Bxd3 23. Qxd3 Nd7 24. Qc2 Bd8 25. Nc5 Nb6 26. a4 bxa4 27. Nd2 Bh4 28. Re2 Bf6 29. Qd3 Re7 30. g3 Rce8 31. Rce1 Kh8 32. h4 Kg8 33. Kg2 Kh8 34. Kf2 Kg8 35. Nf3 Nc4 36. e4 dxe4 37. Nxe4 Qxb4 38. Nxf6+ gxf6 39. Rxe7 Rxe7 40. Rxe7 Qxe7 41. Qxc4 Qa3 42. Qc2 Qb4 43. Ke3 a3 44. Nd2 Qe7+ 45. Kf2 Qb4 46. Nc4 a5 47. Kf3 a2 48. Qxa2 Qc3+ 49. Ne3 Qxd4 50. Qxa5 Qd7 51. Qc5 Qe8 52. Nf5 Qd7 53. Ne3 Kg7 54. g4 Kg8 55. h5 h6 56. Qc2 Qd6 57. Qe4 Qd7 58. Kg3 c5 59. Qd5 Qe7 60. Kf3 Qc7 61. Qa8+ Kh7 62. Qd5 Kg8 63. Qe4 Qd7 64. Nd5 Kg7 65. Qc4 Qd6 66. Ne3 Kg8 67. Qb5 Kf8 68. Qb7 Kg8 69. Qc8+ Kh7 70. Qe8 Qc7 71. Kg3 Qb7 72. Nf5 Qb3+ 73. Kf2 Qa2+ 74. Qe2 Qb3 75. Ne3 Qe6 76. Qc2+ Kg8 77. Qxc5 Qd7 78. Nd5 Qe6 79. Qc8+ 1-0

[Event "Chioggia op-A 06th"]
[Site "Chioggia"]
[Date "2011.10.09"]
[Round "4"]
[White "Zamengo, Bruno"]
[Black "Bellemo, Davide"]
[Result "0-1"]
[WhiteElo "1931"]
[BlackElo "2123"]
[PlyCount "114"]
[EventDate "2011.10.07"]
[EventType "swiss"]
[EventRounds "5"]
[EventCountry "ITA"]
[SourceTitle "EXT 2022"]
[Source "ChessBase"]
[SourceDate "2021.10.06"]
[SourceVersion "1"]
[SourceVersionDate "2021.10.06"]
[SourceQuality "1"]

1. e4 e5 2. Nf3 Nc6 3. Bb5 a6 4. Ba4 Nf6 5. 0-0 Be7 6. Re1 b5 7. Bb3 d6 8. c3 0-0 9. a4 Na5 10. Bc2 c5 11. axb5 c4 12. bxa6 Bxa6 13. d4 cxd3 14. Bxd3 Bxd3 15. Qxd3 Nb3 16. Rxa8 Qxa8 17. Nbd2 Nc5 18. Qe2 Rb8 19. b4 Na4 20. Nb1 Qc6 21. Bd2 Rc8 22. Ng5 Nd7 23. Qh5 Bxg5 24. Qxg5 Ndb6 25. f3 Nc4 26. Rc1 h6 27. Qg3 Nxd2 28. Nxd2 Nxc3 29. Kh1 Nxe4 30. Rxc6 Nxg3+ 31. hxg3 Rxc6 32. b5 Rc2 33. Ne4 d5 34. Nd6 Rb2 35. Kg1 Kf8 36. g4 Ke7 37. Nf5+ Kf6 38. Nd6 Ke6 39. Ne8 g6 40. Kf1 Ke7 41. Nc7 Kd6 42. Ne8+ Kc5 43. Nf6 Rxb5 44. Ng8 Rb1+ 45. Kf2 Rb2+ 46. Kf1 h5 47. gxh5 gxh5 48. Nf6 h4 49. Ng4 e4 50. Nf6 Kd4 51. Nh5 Ke3 52. Kg1 exf3 53. gxf3 Kxf3 54. Nf6 d4 55. Nd5 d3 56. Nc3 Rc2 57. Nb5 Rc4 0-1

[Event "Chioggia op-A 06th"]
[Site "Chioggia"]
[Date "2011.10.08"]
[Round "3"]
[White "Bellemo, Davide"]
[Black "Sorbera, Giovanni"]
[Result "0-1"]
[WhiteElo "2123"]
[BlackElo "2178"]
[PlyCount "58"]
[EventDate "2011.10.07"]
[EventType "swiss"]
[EventRounds "5"]
[EventCountry "ITA"]
[SourceTitle "EXT 2022"]
[Source "ChessBase"]
[SourceDate "2021.10.06"]
[SourceVersion "1"]
[SourceVersionDate "2021.10.06"]
[SourceQuality "1"]

1. d4 Nf6 2. c4 g6 3. Nc3 d5 4. cxd5 Nxd5 5. e4 Nxc3 6. bxc3 Bg7 7. Nf3 0-0 8. Be2 c5 9. 0-0 Bg4 10. Be3 cxd4 11. cxd4 Nc6 12. Rb1 b6 13. d5 Na5 14. Nd4 Bxe2 15. Qxe2 Qd7 16. Rfc1 Rac8 17. Qb5 Qg4 18. f3 Bxd4 19. Bxd4 Qf4 20. Bb2 f6 21. Qb4 Kf7 22. Ba3 Rxc1+ 23. Rxc1 Re8 24. Qc3 Nb7 25. Kh1 Nd6 26. Qc7 Rc8 27. Qxc8 Nxc8 28. Rxc8 Qe3 29. Bb4 Qd4 0-1

[Event "Chioggia op-A 06th"]
[Site "Chioggia"]
[Date "2011.10.07"]
[Round "1"]
[White "Bellemo, Davide"]
[Black "Tomio, Dante"]
[Result "1-0"]
[WhiteElo "2123"]
[BlackElo "1865"]
[PlyCount "68"]
[EventDate "2011.10.07"]
[EventType "swiss"]
[EventRounds "5"]
[EventCountry "ITA"]
[SourceTitle "EXT 2022"]
[Source "ChessBase"]
[SourceDate "2021.10.06"]
[SourceVersion "1"]
[SourceVersionDate "2021.10.06"]
[SourceQuality "1"]

1. d4 d5 2. c4 c6 3. Nc3 Nf6 4. Nf3 e6 5. e3 Nbd7 6. Bd3 Bd6 7. 0-0 0-0 8. e4 dxe4 9. Nxe4 Nxe4 10. Bxe4 Nf6 11. Bc2 Re8 12. Re1 b6 13. Qd3 Bb7 14. Bg5 h6 15. Bh4 c5 16. d5 e5 17. Ba4 e4 18. Qd2 Qe7 19. Bxe8 Rxe8 20. Qc2 Bc8 21. Re2 g5 22. Bg3 Bxg3 23. hxg3 Qd6 24. Rae1 Bf5 25. Nd2 Bg6 26. Qc3 b5 27. cxb5 Nxd5 28. Qc4 Nb6 29. Qb3 Qd4 30. Qc3 f5 31. g4 Nd5 32. Qxd4 cxd4 33. gxf5 Bxf5 34. Nxe4 d3 1-0

[Event "Chioggia op-A 05th"]
[Site "Chioggia"]
[Date "2010.10.08"]
[Round "1"]
[White "Fracasso Pezzolato, Michele"]
[Black "Bellemo, Davide"]
[Result "0-1"]
[WhiteElo "1823"]
[BlackElo "2104"]
[PlyCount "94"]
[EventDate "2010.10.08"]
[EventType "swiss"]
[EventRounds "5"]
[EventCountry "ITA"]
[SourceTitle "EXT 2022"]
[Source "ChessBase"]
[SourceDate "2021.10.06"]
[SourceVersion "1"]
[SourceVersionDate "2021.10.06"]
[SourceQuality "1"]

1. e4 e5 2. Nf3 Nc6 3. Bb5 a6 4. Ba4 Nf6 5. 0-0 Be7 6. Re1 b5 7. Bb3 d6 8. h3 0-0 9. c3 Na5 10. Bc2 c5 11. d4 Qc7 12. a4 Bd7 13. d5 c4 14. Nbd2 Nb7 15. Nf1 Nc5 16. axb5 axb5 17. Bd2 Rxa1 18. Qxa1 Qb7 19. Qa3 Ra8 20. Qb4 Na6 21. Qa3 Nc7 22. Qb4 Nfxd5 23. exd5 Nxd5 24. Be4 Bc6 25. Bxd5 Bxd5 26. b3 cxb3 27. Qg4 Ra4 28. Qg3 b2 29. Bh6 Bf6 30. Rb1 Ra2 31. N3d2 Be4 32. Nxe4 Qxe4 33. Nd2 Ra1 34. Kh2 Rxb1 35. Nxb1 Kf8 36. Nd2 b1Q 37. Nxb1 Qxb1 38. Qf3 gxh6 39. Qxf6 Qg6 40. Qh8+ Ke7 41. Qb8 Qd3 42. Qc7+ Kf6 43. Qd7 Qxc3 44. Qxd6+ Kg7 45. f4 Qd4 46. fxe5 Qxd6 47. exd6 Kf6 0-1

[Event "Chioggia op-A 04th"]
[Site "Chioggia"]
[Date "2009.10.09"]
[Round "1"]
[White "Pompili, Alberto"]
[Black "Bellemo, Davide"]
[Result "0-1"]
[WhiteElo "1831"]
[BlackElo "2092"]
[PlyCount "38"]
[EventDate "2009.10.09"]
[EventType "swiss"]
[EventRounds "5"]
[EventCountry "ITA"]
[SourceTitle "EXT 2022"]
[Source "ChessBase"]
[SourceDate "2021.10.06"]
[SourceVersion "1"]
[SourceVersionDate "2021.10.06"]
[SourceQuality "1"]

1. d4 d5 2. Nf3 Nf6 3. e3 e6 4. Bd3 c5 5. c3 Nc6 6. Nbd2 Be7 7. 0-0 0-0 8. Qe2 Re8 9. dxc5 Bxc5 10. e4 e5 11. exd5 Nxd5 12. Ne4 Be7 13. Ng3 Bf6 14. Qe4 g6 15. Bh6 Nde7 16. Nh5 Bh8 17. g4 Bxg4 18. Qxg4 Qxd3 19. Rad1 Qf5 0-1

[Event "ITA-ch U20"]
[Site "Castione"]
[Date "2009.08.27"]
[Round "7"]
[White "Bellemo, Davide"]
[Black "Mereu, Matteo"]
[Result "1-0"]
[WhiteElo "2092"]
[BlackElo "1964"]
[PlyCount "43"]
[EventDate "2009.08.21"]
[EventType "swiss"]
[EventRounds "9"]
[EventCountry "ITA"]
[SourceTitle "EXT 2011"]
[Source "ChessBase"]
[SourceDate "2010.11.26"]
[SourceVersion "1"]
[SourceVersionDate "2010.11.26"]
[SourceQuality "1"]

1. d4 d5 2. c4 e5 3. dxe5 d4 4. g3 Nc6 5. Nf3 Bg4 6. Bg2 Qd7 7. 0-0 0-0-0 8. Nbd2 h5 9. h4 d3 10. exd3 Nd4 11. Ne4 Nh6 12. Be3 Nhf5 13. Bxd4 Nxd4 14. Kh2 Be7 15. Re1 g5 16. hxg5 h4 17. Nf6 Bxf6 18. exf6 hxg3+ 19. Kg1 Rh2 20. Re3 Qf5 21. fxg3 Qh7 22. Nxh2 1-0

[Event "ITA-ch U20"]
[Site "Castione"]
[Date "2009.08.26"]
[Round "6"]
[White "Bonafede, Alessandro"]
[Black "Bellemo, Davide"]
[Result "1-0"]
[WhiteElo "2308"]
[BlackElo "2077"]
[PlyCount "67"]
[EventDate "2009.08.21"]
[EventType "swiss"]
[EventRounds "9"]
[EventCountry "ITA"]
[SourceTitle "EXT 2011"]
[Source "ChessBase"]
[SourceDate "2010.11.26"]
[SourceVersion "1"]
[SourceVersionDate "2010.11.26"]
[SourceQuality "1"]

1. e4 e5 2. Nf3 Nc6 3. Bb5 a6 4. Ba4 Nf6 5. 0-0 Be7 6. Re1 b5 7. Bb3 0-0 8. h3 d6 9. c3 Na5 10. Bc2 c5 11. d4 Qc7 12. d5 Nc4 13. a4 Bd7 14. Qe2 Na5 15. Nbd2 g6 16. Ra2 Rab8 17. b4 cxb4 18. cxb4 Nc4 19. Nxc4 bxc4 20. Bh6 Rfc8 21. Rb1 Ne8 22. Ra3 f5 23. exf5 gxf5 24. Nd4 f4 25. Bxf4 Nf6 26. Bg5 exd4 27. Qxe7 d3 28. Bxf6 Be8 29. Qe6+ Bf7 30. Qg4+ Bg6 31. Bd1 Qf7 32. Bc3 Qxd5 33. Bf3 Qf7 34. Qd4 1-0

[Event "ITA-ch U20"]
[Site "Castione"]
[Date "2009.08.23"]
[Round "3"]
[White "Bellemo, Davide"]
[Black "Pascucci, Marco"]
[Result "1-0"]
[WhiteElo "2077"]
[BlackElo "2022"]
[PlyCount "65"]
[EventDate "2009.08.21"]
[EventType "swiss"]
[EventRounds "9"]
[EventCountry "ITA"]
[SourceTitle "EXT 2011"]
[Source "ChessBase"]
[SourceDate "2010.11.26"]
[SourceVersion "1"]
[SourceVersionDate "2010.11.26"]
[SourceQuality "1"]

1. d4 Nf6 2. c4 g6 3. Nc3 Bg7 4. e4 d6 5. Nf3 0-0 6. Be2 e5 7. 0-0 Nc6 8. d5 Ne7 9. Ne1 Nd7 10. Be3 f5 11. f3 f4 12. Bf2 g5 13. Nd3 h5 14. c5 Nf6 15. cxd6 cxd6 16. Rc1 g4 17. Nb5 g3 18. hxg3 fxg3 19. Bxg3 Bh6 20. Rc3 h4 21. Bxh4 Ng6 22. Bf2 Rf7 23. Qc2 Nf4 24. Nxf4 Bxf4 25. Nxd6 Rh7 26. Rd1 Bd7 27. Bb5 Bxb5 28. Nxb5 Nh5 29. Nc7 Rc8 30. Ne6 Bh2+ 31. Kf1 Rxc3 32. Qxc3 Qe8 33. Rc1 1-0

[Event "ITA-ch U20"]
[Site "Castione"]
[Date "2009.08.21"]
[Round "1"]
[White "Bellemo, Davide"]
[Black "Campagnola, Giacomo"]
[Result "1-0"]
[WhiteElo "2092"]
[BlackElo "1821"]
[PlyCount "59"]
[EventDate "2009.08.21"]
[EventType "swiss"]
[EventRounds "9"]
[EventCountry "ITA"]
[SourceTitle "EXT 2011"]
[Source "ChessBase"]
[SourceDate "2010.11.26"]
[SourceVersion "1"]
[SourceVersionDate "2010.11.26"]
[SourceQuality "1"]

1. d4 Nc6 2. c4 d5 3. Nc3 e6 4. Nf3 Nf6 5. Bg5 Bb4 6. e3 h6 7. Bh4 g5 8. Bg3 Ne4 9. Qc2 f5 10. Bd3 0-0 11. Ne5 f4 12. Bxe4 Nxe5 13. dxe5 dxe4 14. Qxe4 Qe7 15. exf4 Bd7 16. Qg6+ Kh8 17. Qxh6+ Kg8 18. Qxg5+ Qxg5 19. fxg5 Bc6 20. 0-0 Bc5 21. Rad1 Rf5 22. h4 Kg7 23. a3 Rh8 24. b4 Be7 25. Nb5 Kg6 26. Nd4 Rf7 27. Nxe6 Kf5 28. Nd4+ Kg4 29. Nxc6 bxc6 30. Rd4+ 1-0

[Event "ITA-ch U20"]
[Site "Fiuggi"]
[Date "2007.07.25"]
[Round "8"]
[White "Bellemo, Davide"]
[Black "Pesce, Gabriele"]
[Result "0-1"]
[WhiteElo "2067"]
[BlackElo "2000"]
[PlyCount "70"]
[EventDate "2007.07.18"]
[EventType "swiss"]
[EventRounds "9"]
[EventCountry "ITA"]
[SourceTitle "CBM 119 Extra"]
[Source "ChessBase"]
[SourceDate "2007.09.04"]
[SourceVersion "1"]
[SourceVersionDate "2007.09.04"]
[SourceQuality "1"]

1. d4 Nf6 2. c4 g6 3. Nc3 Bg7 4. e4 d6 5. Nf3 0-0 6. Be2 e5 7. 0-0 Nc6 8. d5 Ne7 9. Ne1 Nd7 10. Be3 f5 11. f3 f4 12. Bf2 h5 13. Nd3 g5 14. c5 Nf6 15. cxd6 cxd6 16. a4 Ng6 17. Rc1 g4 18. Nb5 g3 19. hxg3 fxg3 20. Bxg3 Bh6 21. Rc3 h4 22. Bh2 Be3+ 23. Nf2 Bb6 24. b4 a5 25. bxa5 Bxa5 26. Rc4 Nh5 27. Qc2 Bb6 28. Rb1 Qg5 29. Nc7 Ngf4 30. Bf1 Nh3+ 31. Kh1 Nxf2+ 32. Kg1 Ng4+ 33. Rxb6 Qe3+ 34. Kh1 Ng3+ 35. Bxg3 hxg3 0-1

[Event "ITA-ch U20"]
[Site "Fiuggi"]
[Date "2007.07.19"]
[Round "2"]
[White "Bellemo, Davide"]
[Black "Navarro, Stefano"]
[Result "0-1"]
[WhiteElo "2067"]
[BlackElo "2242"]
[PlyCount "60"]
[EventDate "2007.07.18"]
[EventType "swiss"]
[EventRounds "9"]
[EventCountry "ITA"]
[SourceTitle "CBM 119 Extra"]
[Source "ChessBase"]
[SourceDate "2007.09.04"]
[SourceVersion "1"]
[SourceVersionDate "2007.09.04"]
[SourceQuality "1"]

1. d4 d5 2. c4 e6 3. Nc3 Nf6 4. Bg5 Nbd7 5. Nf3 c6 6. e3 Be7 7. Bd3 0-0 8. 0-0 h6 9. Bh4 a6 10. cxd5 cxd5 11. a4 Nb8 12. Ne5 Nc6 13. Nxc6 bxc6 14. Rb1 a5 15. Bg3 Ba6 16. h3 Qb6 17. Bxa6 Rxa6 18. Qc2 Qb7 19. Rfc1 Rb6 20. Na2 Ne4 21. Bf4 Bd6 22. Bxd6 Nxd6 23. b3 Rb8 24. b4 Nc4 25. Rb3 axb4 26. Qd3 Na5 27. Rb2 b3 28. Nc3 Nc4 29. Rcb1 Nxb2 30. Rxb2 Rb4 0-1